00901nam a22001697a 4500003000400000005001700004008004100021020001800062040000700080050001400087245007100101250001500172260004600187300004700233500043300280700001800713OSt20220905110022.0200227b xxu||||| |||| 00| 0 eng d a9780803629776 cLC aR121.T11  aTaber's cyclopedia medical dictionary. /c[edited by] Donald Venes a22nd ed.:  aPhiladelphia:bF.A. Davis Company,c2013. axxxiv, 2846p. billustrated in full colour aDictionary intended for nurses and other allied health personnel. Includes new terms reflecting changes and new topics in contemporary health care, e.g., AIDS, decision analysis, prescribing nurses, and clearinghouses serving consumer health needs. Biographical entries are also included. Entries give words, pronunciation, etymology, definition, subentries, abbreviation, synonyms, cross references, and colored illustrations.  aVenes, Donald